| 000 | 01118cam a2200277 a 4500 | ||
|---|---|---|---|
| 999 |
_c332092 _d332092 |
||
| 001 | 4507875 | ||
| 003 | NUST | ||
| 005 | 20171109142429.0 | ||
| 008 | 980714s1998 couab b 001 0 eng | ||
| 010 | _a 98036443 | ||
| 020 | _a0898679729 (recycled paper) | ||
| 040 |
_aDLC _cDLC _dDLC |
||
| 050 | 0 | 0 |
_aTD482 _b.C58 1998 |
| 082 | 0 | 0 |
_a628.161 CLA _221 |
| 100 | 1 |
_aClark, Robert Maurice. _96272 |
|
| 245 | 1 | 0 |
_aModeling water quality in drinking water distribution systems / _cRobert M. Clark, Walter M. Grayman. |
| 260 |
_aDenver, CO : _bAmerican Water Works Association, _c1998. |
||
| 300 |
_axv, 231 p. : _bill., maps ; _c29 cm. |
||
| 500 | _aH.B | ||
| 504 | _aIncludes bibliographical references and index. | ||
| 650 | 0 |
_aWater quality _xComputer simulation. _96273 |
|
| 650 | 0 |
_aWater _xDistribution _xComputer simulation. _96274 |
|
| 700 | 1 |
_aGrayman, W. M. _96275 |
|
| 906 |
_a7 _bcbc _corignew _d1 _eocip _f19 _gy-gencatlg |
||
| 942 |
_2ddc _cBK _kIESE |
||